000 01322cam a2200373 a 4500
999 _c11261
_d11261
001 16014415
003 GZU
005 20240408121037.0
008 091209s2011 nyua b 001 0 eng
010 _a 2009050023
020 _a9780073523798 (softcover : alk. paper)
020 _a9780077655082
022 _aNo number
035 _a(OCoLC)ocn482585408
040 _aDLC
_cDLC
_dYDX
_dYDXCP
_dDLC
050 0 0 _aGV481
_bFAH 2013
082 0 0 _a613.7/043
_222
100 1 _aFahey, Thomas D.
_q(Thomas Davin),
_d1947-
245 1 0 _aFit & well:
_bcore concepts and labs in physical fitness and wellness/
_cThomas D. Fahey, Paul M. Insel, Walton T. Roth.
246 3 _aFit and well
250 _aTenth edition
260 _aNew York:
_bMcGraw-Hill,
_cc2011.
300 _axx, 430, [56] pages:
_bcolour illustrations;
_c28 cm.
504 _aIncludes bibliographical references and index.
505 _rThomas D. Fahey
520 _aCore concepts and labs in physical fitness and wellness
650 0 _aPhysical fitness.
650 0 _aHealth.
700 1 _aInsel, Paul M.
700 1 _aRoth, Walton T.
906 _a7
_bcbc
_corignew
_d1
_eecip
_f20
_gy-gencatlg
942 _2lcc
_cBK
_eTenth edition
_h481
_iFAH
_kGV